Т. 52, вып. 4; Физика и техника полупроводников

Bibliografski detalji
Parent link:Физика и техника полупроводников/ Российская академия наук (РАН), Физико-технический институт им. А. Ф. Иоффе (ФТИ). Т. 52, вып. 4.— , 1968-
Jezik:ruski
Izdano: 2018
Teme:
Online pristup:http://journals.ioffe.ru/issues/1828
Format: MixedMaterials Elektronički Knjiga
KOHA link:https://koha.lib.tpu.ru/cgi-bin/koha/opac-detail.pl?biblionumber=577052

MARC

LEADER 00000nam2a2200000 4500
001 577052
005 20231101130400.0
035 |a (RuTPU)RU\TPU\prd\276250 
035 |a RU\TPU\prd\275441 
090 |a 577052 
100 |a 20180320a19679999k y0rusy50 ca 
101 0 |a rus 
102 |a RU 
135 |a drnn ---uucaa 
181 0 |a i  
182 0 |a b 
200 0 |a Т. 52, вып. 4  |b Электронный ресурс 
203 |a Текст  |c электронный 
210 |d 2018 
461 1 |0 (RuTPU)RU\TPU\prd\403  |t Физика и техника полупроводников  |f Российская академия наук (РАН), Физико-технический институт им. А. Ф. Иоффе (ФТИ)  |v Т. 52, вып. 4  |d 1968- 
610 1 |a электронный ресурс 
801 0 |a RU  |b 63413507  |c 20010227  |g PSBO 
801 1 |a RU  |b 63413507  |c 20160329 
801 2 |a RU  |b 63413507  |c 20230119  |g RCR 
856 4 0 |u http://journals.ioffe.ru/issues/1828 
942 |c BK